Ecología para ingenieros : el impacto ambiental /
Libro de ecología para ingenieros y técnicos, analiza las cuencas fluviales, las alteraciones del medio ambiente, las incidencias y evaluación del impacto ambiental de la obras de ingeniería .
Shranjeno v:
| Glavni avtor: | |
|---|---|
| Format: | Knjiga |
| Jezik: | španščina |
| Izdano: |
Madrid, España :
Colegio de Ingenieros de Caminos, Canales y Puertos,
1995, c1995
|
| Izdaja: | 2a edición |
| Serija: | (Seinor ;
2) |
| Teme: | |
| Oznake: |
Brez oznak, prvi označite!
|
MARC
| LEADER | 00000nam^a2200000^a^4500 | ||
|---|---|---|---|
| 001 | 000121106 | ||
| 005 | 20250521000000.0 | ||
| 009 | 20260310094416.442 | ||
| 020 | |a 84-380-0098-3 | ||
| 037 | |a Acervo ITESO - Biblioteca | ||
| 041 | |a ESP | ||
| 082 | |a 628. |b HER | ||
| 100 | |a Hernández Fernández, Santiago |e (autor) | ||
| 245 | 1 | 0 | |a Ecología para ingenieros : |b el impacto ambiental / |c S. Hernández Fernández ; pról. de Fernando Martínez Salcedo. ; introd. de Fernando González Bernáldez. |
| 250 | |a 2a edición |b aumentada | ||
| 264 | 4 | |a Madrid, España : |b Colegio de Ingenieros de Caminos, Canales y Puertos, |c 1995, c1995 | |
| 300 | |a 427 p. | ||
| 336 | |a texto |b txt |2 rdacontenido | ||
| 337 | |a sin mediación |b n |2 rdamedio | ||
| 338 | |a volumen |b nc |2 rdasoporte | ||
| 440 | 1 | |a (Seinor ; |v 2) | |
| 520 | |a Libro de ecología para ingenieros y técnicos, analiza las cuencas fluviales, las alteraciones del medio ambiente, las incidencias y evaluación del impacto ambiental de la obras de ingeniería . | ||
| 649 | |a XX | ||
| 650 | |a Medio Ambiente - |z España - |x Leyes y Reglamentos | ||
| 650 | |a Impacto Ambiental | ||
| 650 | |a Agua | ||
| 650 | |a Medio Ambiente | ||
| 650 | |a Hidrología | ||
| 650 | |a Ecología | ||
| 650 | |a Derecho Ambiental | ||
| 650 | |a Derecho Internacional | ||
| 650 | |a Ingeniería Civil | ||
| 650 | |a Ingeniería Ambiental | ||
| 910 | |a Fondo General | ||
| 920 | |a Impresos - Libros | ||
| 930 | |a Colección General | ||
| 905 | |a 101 | ||
| 901 | |a 0500055891 |b IT1 |c ACC |u 20250521 | ||
| 902 | |a https://opac.biblio.iteso.mx/vufind/Record/000121106 | ||